Hledání kompromisů. Odbory v zemi vycházejícího slunce.
Odlišnosť a rozdielnosť orientácie a metód odborárskej aktivity v Japonsku. Označenie japonských odborov ako odborov podnikových. S tým súvisí ich obrovský počet (31 tis. odborových zväzov, ktoré majú v priemere 370 členov). Uzatvorené mzdové a ďalšie dohody platia v zásade len v príslušnom podniku....
Na minha lista:
| Autor principal: | |
|---|---|
| Formato: | Capítulo de Livro |
| Idioma: | tcheco |
| Assuntos: | |
| Tags: |
Sem tags, seja o primeiro a adicionar uma tag!
|
MARC
| LEADER | 00000naa a2200000 4500 | ||
|---|---|---|---|
| 001 | r006941 | ||
| 005 | 20220831083643.0 | ||
| 041 | 0 | |a cze | |
| 044 | |a [CS] | ||
| 245 | 1 | 0 | |a Hledání kompromisů. |b Odbory v zemi vycházejícího slunce. |c H. Kociánová |
| 520 | |a Odlišnosť a rozdielnosť orientácie a metód odborárskej aktivity v Japonsku. Označenie japonských odborov ako odborov podnikových. S tým súvisí ich obrovský počet (31 tis. odborových zväzov, ktoré majú v priemere 370 členov). Uzatvorené mzdové a ďalšie dohody platia v zásade len v príslušnom podniku. Snaha nenútiť členov odborov k rozhodovaniu medzi záujmami podniku a záujmami pracujúcich. Dnešné požiadavky odborov, ktoré sú súčasťou japonskej ekonomiky. | ||
| 610 | 2 | 0 | |a odbory |
| 610 | 2 | 0 | |a Japonsko |
| 610 | 2 | 0 | |a zamestnanci |
| 610 | 2 | 0 | |a mzdy |
| 100 | 1 | |a Kociánová, H. | |